Statistics for 山手線の駅 - 時間制限1分

Click here to take the quiz!

General Stats

  • This quiz has been taken 571 times
  • The average score is 20 of 30

Answers on the Map

Answers color-coded by a green-red scale on the quiz's map according to % correct below.
 

Answer Stats

% Correct
東京
94%
新宿
81%
上野
81%
池袋
80%
神田
80%
日暮里
78%
秋葉原
78%
西日暮里
77%
田端
76%
御徒町
74%
巣鴨
74%
渋谷
73%
駒込
72%
大塚
72%
鶯谷
72%
目白
70%
高田馬場
67%
代々木
66%
新大久保
65%
品川
64%
原宿
64%
大崎
60%
五反田
60%
恵比寿
59%
目黒
59%
田町
52%
高輪ゲートウェイ
51%
有楽町
50%
新橋
48%
浜松町
46%

Score Distribution

Percentile by Number Answered

Percent of People with Each Score

Your Score History

You have not taken this quiz